000 00526nam a2200181Ia 4500
005 20250508151930.0
008 008 250505s9999 xx 000 0 eng d
037 _aTextual
040 _aFEDL
_beng
_cFEDL
041 _aeng
_2eng
084 _a352.054, MAL
_qFEDL
100 _aMalaviya H. D.
245 0 _aVillage panchayats in India
260 _aNew Delhi, India
_bEconomic and Political Research Department
_c1956
300 _axlvi,843p
942 _cTEXL
_h352.054, MAL
999 _c1333047
_d1333047